000
nam a22 7a 4500
999
_c
40952
_d
40952
003
OSt
005
20180127124116.0
008
180127b xxu||||| |||| 00| 0 eng d
040
_c
sero soft
100
_a
Goel.Hemant Kumar
245
_a
Teaching of Computer Science
260
_a
Meerut
_b
R.Lall
300
_a
256
942
_2
ddc
_c
02